| 000 | 00586nam a22001697a 4500 | ||
|---|---|---|---|
| 003 | OSt | ||
| 005 | 20260423082200.0 | ||
| 008 | 260423b |||||||| |||| 00| 0 eng d | ||
| 020 | _a971-8686-20-7 | ||
| 040 |
_aOC _cDWC-Main Lib |
||
| 082 | _aFil. 302.23 H676n 1998 | ||
| 100 | _aHofileña, C. | ||
| 245 |
_aNews for sale: _b the corruption of the Philippine media _cHofileña, Chay |
||
| 260 |
_bPhilippine Center for Investigative Journalism, _cc1998 |
||
| 300 |
_axvi, 131pages ; _c23 cm. |
||
| 942 |
_2ddc _cBK - FIL _hFil. 302.23 H676n 1998 _kFil. _n0 |
||
| 999 |
_c9807 _d9807 |
||